|
|
|
|
| LEADER |
00000nab a2200000 ar4500 |
| 001 |
vtls010677565 |
| 003 |
SK-MaSNL |
| 005 |
20260303090107.0 |
| 008 |
150506c2015 xo qr|p||| |000 b|slo |
| 015 |
|
|
|a SNBRB2015/05
|
| 038 |
|
|
|a SPK
|
| 040 |
|
|
|a SPKCL
|b slo
|c AACR2
|e AACR2
|
| 041 |
0 |
|
|a slo
|
| 044 |
|
|
|a xo
|c SK
|
| 072 |
|
7 |
|a 37
|x Výchova a vzdelávanie
|2 konspekt
|
| 080 |
|
|
|a 37
|2 2001
|
| 080 |
|
|
|a 37.011.3-051
|2 2001
|
| 100 |
1 |
|
|a Berová, Zuzana,
|d 1966-
|4 aut
|9 67320
|
| 245 |
1 |
0 |
|a Ako (ne)stratiť kredit pred tabuľou
|b hitparáda učiteľských chýb, v ktorej sa občas nájde každý
|c Zuzana Berová
|
| 300 |
|
|
|b Fotogr.
|
| 650 |
0 |
7 |
|a edukácia
|2 snkbucl
|9 31370
|
| 650 |
0 |
7 |
|a učitelia
|2 snkbucl
|9 3995
|
| 650 |
0 |
7 |
|a nedostatky
|2 snkbucl
|9 647690
|
| 773 |
0 |
|
|t Dobrá škola
|g Roč. VI, č. 8 (2015), s. 34
|x 1338-0338
|
| 852 |
|
|
|a SPK
|b KIS3GCP
|
| 856 |
4 |
1 |
|u www.dobraskola. com
|
| 999 |
|
|
|c 1801839
|d 1803769
|